Placez les Provinces romaines sur une carte - Statistiques

Statistiques générales
  • Ce quiz a été pris 286 fois
  • Le résultat moyen est 27 sur 47
Réponses sur la Carte
Les réponses sont colorées sur une échelle allant du rouge au vert en fonction du pourcentage des utilisateurs qui les ont devinées à leur premier essai. Vous pouvez retrouver ces pourcentages ci-dessous.
 
Statistiques - réponses
Réponse % Correct
Corse et Sardaigne
89%
Italie
87%
Chypre
83%
Hispanie Tarraconaise
83%
Sicile
82%
Gaule aquitaine
81%
Crète et Cyrénaïque
80%
Égypte
80%
Gaule belgique
78%
Afrique
77%
Judée
77%
Gaule narbonnaise
73%
Bretagne
72%
Mésopotamie
72%
Syrie
70%
Alpes maritimes
69%
Macédoine
69%
Arménie
67%
Maurétanie tingitane
67%
Arabie Pétrée
65%
Gaule lyonnaise
65%
Lusitanie
65%
Hispanie Bétique
62%
Dalmatie
61%
Alpes pennines
54%
Alpes cottiennes
52%
Germanie supérieure
51%
Épire
49%
Maurétanie césarienne
46%
Pannonie supérieure
43%
Thrace
43%
Bithynie-Pont
42%
Achaïe
40%
Pannonie inférieure
38%
Rhétie
37%
Cappadoce
36%
Asie
35%
Germanie inférieure
35%
Assyrie
34%
Dacie trajane
33%
Mésie supérieure
33%
Cilicie
31%
Galatie
31%
Lycie-Pamphylie
30%
Royaume du Bosphore
29%
Mésie inférieure
28%
Norique
28%
Aucun quiz correspondant
Distribution des résultats
% des personnes avec chaque résultat
Percentile par nombre de réponses
Votre historique - résultats
Vous n’avez pas pris ce quiz